[Event "Prague Golden op"]
[Site "Prague"]
[Date "2022.07.17"]
[Round "9"]
[White "Repa, Vaclav"]
[Black "Moravek, Jakub"]
[Result "1/2-1/2"]
[WhiteElo "1583"]
[BlackElo "1635"]
[PlyCount "36"]
[EventDate "2022.07.09"]
[EventType "swiss"]
[EventRounds "9"]
[EventCountry "CZE"]
[SourceTitle "CBM 209 Extra"]
[Source "ChessBase"]
[SourceDate "2022.09.30"]
[SourceVersion "1"]
[SourceVersionDate "2022.09.30"]
[SourceQuality "1"]

1. c4 e5 2. Nc3 Nf6 3. g3 Bb4 4. Bg2 Bxc3 5. bxc3 0-0 6. e4 b6 7. Ne2 Bb7 8. d3 d6 9. 0-0 Nbd7 10. f4 Re8 11. f5 Nc5 12. Kh1 Qd7 13. Be3 Bc6 14. Qd2 Rab8 15. Rab1 b5 16. cxb5 Bxb5 17. c4 Bc6 18. Nc3 Rb6 1/2-1/2

[Event "Klatovy op-B 22nd"]
[Site "Klatovy"]
[Date "2016.07.06"]
[Round "5"]
[White "Repa, Vaclav"]
[Black "Stvan, Marek"]
[Result "1-0"]
[WhiteElo "1577"]
[BlackElo "1679"]
[PlyCount "75"]
[EventDate "2016.07.02"]
[EventType "swiss"]
[EventRounds "9"]
[EventCountry "CZE"]
[SourceTitle "EXT 2019"]
[Source "ChessBase"]
[SourceDate "2018.10.10"]
[SourceVersion "1"]
[SourceVersionDate "2018.10.10"]
[SourceQuality "1"]

1. c4 Nf6 2. Nc3 g6 3. e4 d6 4. d4 Bg7 5. f4 0-0 6. Be2 Nbd7 7. e5 dxe5 8. fxe5 Ne8 9. Nf3 c6 10. b4 Nb6 11. h3 Be6 12. c5 Nd5 13. Nxd5 Bxd5 14. Bb2 Nc7 15. a4 Ne6 16. Qd2 a6 17. 0-0-0 Bb3 18. a5 Bxd1 19. Bxd1 Nc7 20. g4 h6 21. h4 Kh7 22. Bc2 Ne6 23. h5 Qe8 24. hxg6+ fxg6 25. Nh4 Kg8 26. Bxg6 Qd8 27. Bf5 Ng5 28. Ng6 Rf7 29. e6 Rf6 30. d5 cxd5 31. Bxf6 Bxf6 32. Rxh6 Kg7 33. Rh8 Qc7 34. Rxa8 Qg3 35. Rh8 Qa3+ 36. Kd1 Qf3+ 37. Kc2 Nh7 38. Rxh7+ 1-0